International trade and wage inequality in manufacturing : the case of Malaysia /
Saved in:
| 主要作者: | |
|---|---|
| 格式: | Thesis 图书 |
| 语言: | English |
| 主题: | |
| 标签: |
添加标签
没有标签, 成为第一个标记此记录!
|
| LEADER | 01187cam a2200325 i 4500 | ||
|---|---|---|---|
| 001 | u993077 | ||
| 003 | SIRSI | ||
| 005 | 201404070947 | ||
| 008 | 140407s2012 my a t 000 0 eng m | ||
| 040 | |a UMM |e rda | ||
| 043 | |a a-my--- | ||
| 090 | |a HB71 |b UM 2012 Kho | ||
| 100 | 1 | |a Khosravi, Anahita | |
| 245 | 1 | 0 | |a International trade and wage inequality in manufacturing : |b the case of Malaysia / |c Anahita Khosravi. |
| 264 | 1 | |c 2012 | |
| 264 | 4 | |c 2012 | |
| 300 | |a xii, 100 leaves : |b illustrations ; |c 30 cm | ||
| 336 | |a text |2 rdacontent | ||
| 337 | |a unmediated |2 rdamedia | ||
| 338 | |a volume |2 rdacarrier | ||
| 502 | |b M.Ec. |c Jabatan Ekonomi, Fakulti Ekonomi dan Pentadbiran, Universiti Malaya |d 2012. | ||
| 504 | |a Bibliography: leaves 79-86 | ||
| 650 | 0 | |a International trade |z Malaysia. | |
| 650 | 0 | |a Wages |x Effect of international trade on |z Malaysia. | |
| 650 | 0 | |a Wage differentials |z Malaysia | |
| 650 | 0 | |a Income distribution |z Malaysia. | |
| 710 | 2 | |a Universiti Malaya. |b Jabatan Ekonomi, |e degree granting institution. | |
| 900 | |a ZA | ||
| 596 | |a 1 | ||
| 999 | |a HB71 UM 2012 KHO |w LC |c 1 |i A515876129 |d 21/3/2017 |e 21/3/2017 |f 24/2/2015 |g 1 |l STACKS |m P01UTAMA |n 1 |r Y |s Y |t TESIS |u 13/2/2015 | ||
